000 00501nam a2200193 a 4500
001 1768898037816
003 YourLibrary
005 20260120141624.0
008 260120s2009##################000#0#eng##
020 _a9788183762229
082 0 4 _a303.4
_bBAB
100 1 _aAgarwal, Babita,
_eauthor.
245 1 0 _aSocial Advantages in the Age of Globalization :
260 _c2009.
300 _a253 pages
650 0 _aGlobalization.
942 _cENGLISH
040 _aYourLibrary
_beng
_cYourLibrary
999 _c608703
_d608703